000 00735cam a2200205 a 4500
001 000003140
005 20200929150336.0
008 720717s1966 ck a 001 m spa
040 _aDO-SdBNP
_bspa
_cBNPHU
041 1 7 _aspa
_heng
082 _a810.9
_bF654p
100 1 _aFoerster, Norman,
_d1887-
_99908
240 1 0 _aImage of America.
_lEspañol
245 1 0 _aPanorama de las letras norteamericanas :
_bsu literatura desde el puritanismo a nuestros días /
_cNorman Foerster ; traductora, Nuria Pares.
260 _aCali :
_bNorma,
_c1966.
300 _a215 p. :
_bil. ;
_c21 cm.
534 _pTítulo original:
_tImage of America
650 4 _aLiteratura estadounidense
_xHistoria y crítica
_96786
700 1 _aPares, Nuria,
_etr.
_99909
999 _c2971
_d2971